Normal view
MARC view
Entry Nombre personal
001 - NÚMERO DE CONTROL
- campo de control: 1147
003 - IDENTIFICADOR DE NÚMERO DE CONTROL
- campo de control: DLC
005 - FECHA Y HORA DE LA ÚLTIMA TRANSACCIÓN
- campo de control: 20260429080316.0
008 - ELEMENTOS DE DATO DE LONGITUD-FIJA
- campo de control de longitud fija: 820910n| azannaabn |n aaa
010 ## - NÚMERO DE CONTROL DE LA BIBLIOTECA DEL CONGRESO
- Número de control de LC: n 82085794
035 ## - NÚMERO DE CONTROL DEL SISTEMA
- Número de control de sistema: (OCoLC)oca00782463
040 ## - FUENTE DE CATALOGACIÓN
- Centro catalogador/agencia de origen: DLC
- Lengua de catalogación: eng
- Normas de descripción: rda
- Centro/agencia transcriptor: DLC
- Centro/agencia modificador: OCoLC
- Centro/agencia modificador: DLC
100 1# - ENCABEZAMIENTO-NOMBRE DE PERSONA
- Nombre de persona: Cowley, Robert
377 ## - IDIOMA ASOCIADO
- Código del idioma: eng
670 ## - FUENTE DE DATOS ENCONTRADOS
- Cita de la fuente: His 1918: gamble for victory, 1964.
670 ## - FUENTE DE DATOS ENCONTRADOS
- Cita de la fuente: The killing season, 2023:
- Información encontrada: CIP t.p. (Robert Cowley) about the author (he is an expert on American and European military history from the Civil War to World War II; founding editor of "MHQ: The Quarterly Journal of Military History"; he has held senior positions in book and magazine publishing; he lives in New York, Connecticut, and Rhode Island)